000 01074cab a22002055a 4500
001 137854
008 070502e20070428xxk f g 000 0 eng d
035 _a(Sirsi) u137854
041 0 _aeng
100 1 _aO'Brien, Gary
245 0 0 _aPast and current affairs
260 _c2007
490 _aEstates Gazette
_v(668) 28 April 2007, 168-169(2)
520 _aMainly for Students article addresses the concept of wayleaves. Makes specific reference to the electricity industry. Explains that infrastructure is placed upon land under a simple wayleave agreement. A fee is paid which grants immunity from trespass laws. By granting wayleave rights to the electricity industry upon its privatisation, a 19th century law has been used to guarantee 21st century infrastructure needs. A full understanding of this archaic area of law is important in order to apply beneficial solutions.
590 _aKA
650 2 4 _aLAND COMPENSATION ACT 1961
651 4 _aEngland and Wales
_y1543-
690 _aPROPERTY-INFRASTRUCTURE-POWER AND MINERAL SUPPLY INFRASTRUCTURE
942 _n0
999 _c78726
_d78726